Qui a dit ? (rap fr) - Statistiques

Statistiques générales
  • Ce quiz a été pris 186 fois
  • Le résultat moyen est 6 sur 10
Statistiques - réponses
Question Réponse % Correct
Qui a dit : Ce soir, on ira faire un tour chez l'épicier ouvert en bas Et on parlera d'amour, entassés sur une véranda Nekfeu
80%
Qui a dit : Torse nu comme un mongole, on insultait les passants qui passaient Le ciel gronde pendant dans la nuit, l'impression qu'le Seigneur est fâché Niska
72%
Qui a dit : On a la bite dure, la tête dure, c'est pas l'net qui va nous uer-t Papa m'reniera jamais : j'suis ni flic, ni pédé SCH
66%
Qui a dit : Un jour tu traînes avec des voleurs, un jour tu traînes avec des casseurs Un jour un mec te propose des sous, pour t’armer sur un Fazer Jul
63%
Qui a dit : Elle sait qu'j'ai la trique, elle sait qu'j'ai le fric J'allume mon joint, j'suis fier de moi Comme si j'allumais la flamme olympique Kaaris
62%
Qui a dit : On t'allumera, toi et tes mastas, dans l'anonymat, on t'pull up et basta J'tape dans son boule comme une piñata, j'ai la plus sexy et t'as la plus niata Gazo
60%
Qui a dit : J'ai grandi entre les coups d'schlass, poucaves, guerres de rrain-te Un fiston qui n'écoute as-p, une daronne trop inquiétée Ninho
51%
Qui a dit : J'ai pas tissé ma toile, j'fais les comptes à l'hotel Y'a ceux qui parlent en tonnes et ceux qui parlent au tél' Maes
40%
Qui a dit : Tout est possible, j'fais oseille tout devient réel Elle aime les voyous, jeune sheitana cherche mec mortel PNL
40%
Qui a dit : J'lui pose très peu d'questions, elle pense que je n'm'intéresse pas J'ai deux femmes qui savent tout déjà : Siri et Alexa Booba
29%
Aucun quiz correspondant
Distribution des résultats
% des personnes avec chaque résultat
Percentile par nombre de réponses
Votre historique - résultats
Vous n’avez pas pris ce quiz